000 00790nam a2200253 a 4500
001 BRL_766
005 20190320210904.0
008 041013s1998----mx-o######---#000-0#spa-#
041 _aspa
044 _amx
050 4 _aF1221.H8
_b.O78 1998
100 1 _aOrtíz Monasterio, Pablo
_95341
245 1 0 _aCorazón de venado
_cPablo Ortíz Monasterio ; textos José Antonio Nava, Ramón Mata Torres.
260 _aMéxico
_bCasa de las Imágenes
_c1998
300 _a31 p.
_bil., láminas
_c23 cm.
500 _aAu884
500 _aIncluye dedicatoria a Ruth Lechuga.
650 1 4 _aHuicholes
_xVida social y costumbres
_924882
650 1 4 _aIndígenas de México
_94678
700 1 _aNava, José Antonio
_924883
700 1 _aMata Torres, Ramón
_924884
902 _aGRL
942 _2lcc
_cB
999 _c9578
_d9578